Tres poetas chilenos contemporáneos (Record no. 174443)

MARC details
000 -LEADER
campo de control de longitud fija 00937nam a2200229 4500
001 - NÚMERO DE CONTROL
campo de control 174443
003 - IDENTIFICADOR DE NÚMERO DE CONTROL
campo de control ES-MaACL
005 - FECHA Y HORA DE LA ÚLTIMA TRANSACCIÓN
campo de control 20230906215530.0
008 - DATOS DE LONGITUD FIJA--INFORMACIÓN GENERAL
campo de control de longitud fija 100422s1993 sp |||| | spa d
100 1# - ENTRADA PRINCIPAL--NOMBRE DE PERSONA
Nombre de persona Gray, Enrique.
9 (RLIN) 142555
245 10 - MENCIÓN DEL TÍTULO
Título Tres poetas chilenos contemporáneos
Resto del título : conferencia /
Mención de responsabilidad, etc. Enrique Gray. El bebedor de cerveza : cuentos / Antonio Rojas Gómez ; presenta, Efraín Szmulewicz.
246 33 - FORMA VARIANTE DEL TITULO
Título propio/Titulo breve 3 poetas chilenos contemporáneos
246 3# - FORMA VARIANTE DEL TITULO
Título propio/Titulo breve El bebedor de cerveza
Resto del título : cuentos
260 ## - PUBLICACIÓN, DISTRIBUCIÓN, ETC.
Lugar de publicación, distribución, etc. Santiago de Chile :
Nombre del editor, distribuidor, etc. Rumbos,
Fecha de publicación, distribución, etc. 1993.
300 ## - DESCRIPCIÓN FÍSICA
Extensión 51 p. ;
Dimensiones 18 cm.
500 ## - NOTA GENERAL
Nota general En la portada: Ateneo de Santiago, 7ª Jornada General 1993.
610 2# - PUNTO DE ACCESO ADICIONAL DE MATERIA--NOMBRE DE ENTIDAD CORPORATIVA
Nombre de entidad corporativa o nombre de jurisdicción como elemento de entrada Ateneo de Santiago de Chile-
Subdivisión de forma Congresos y asambleas.
9 (RLIN) 142612
700 1# - ENTRADA AGREGADA--NOMBRE PERSONAL
Nombre de persona Rojas Gómez, Antonio.
Título de la obra El bebedor de cerveza.
9 (RLIN) 142557
700 1# - ENTRADA AGREGADA--NOMBRE PERSONAL
Nombre de persona Szmulewicz, Efraín.
9 (RLIN) 142558
710 2# - ENTRADA AGREGADA--NOMBRE DE ENTIDAD CORPORATIVA
Nombre de entidad corporativa o nombre de jurisdicción como elemento de entrada Ateneo de Santiago de Chile.
9 (RLIN) 2026
852 4# - LOCALIZACIÓN
Ubicación ES-MaACL
Número de control de estantería 2256-F-26
Holdings
Estatus retirado Estado de pérdida Estado de daño No para préstamo Colección Biblioteca de origen Biblioteca actual Ubicación en estantería Fecha de adquisición Fuente de adquisición Total de préstamos Signatura topográfica completa Código de barras Visto por última vez Precio de reemplazo Tipo de ítem Koha
        Colección de folletos Biblioteca del Ateneo de Madrid Biblioteca del Ateneo de Madrid Depósito folletos 22/04/2010     2256-F-26 1183099 23/02/2023 23/02/2023 Folleto